00663nam a2200193 i 450000100060000000300090000600500170001500700030003200800410003502000180007608000320009424501420012626000360026830000300030460000480033465500400038271000140042285200330043617157ES-MaACL20231222152740.0t|010108s2000 sp ||||1| spa d a84-8324-089-0 a75 Rosales, Eduardo (064.3)00aEduardo Rosales en las colecciones privadas b: Zaragoza, Centro de Exposiciones y Congresos del 3 de octubre al 31 de diciembre de 2000. aZaragoza : bIberCaja, c[2000] a262 p. : bil. ; c28 cm.14aRosales, Eduardo,d1836-1873-vExposiciones 72tgfbneaCatálogos de exposiciones2 aIbercaja. aES-MaACLjL-23915 bR.128190